'A' Country Names in 6 Languages Quiz Stats

 Plays Quiz Updated May 2, 2018

Score 0/11 Timer 06:00
0 Plays Today
% Correct
Antigua y Barbuda
96.8%
Andorra
93.1%
Angola
92.6%
Afghanistán
91.7%
Azerbaiyán
90.4%
Armenia
71.1%
Argentina
61.8%
Australia
52.3%
Austria
47.7%
Albania
47.4%
Argelia
42.3%

You're not logged in!

Compare scores with friends on all Sporcle quizzes.
OR
Log In

Show Comments

Extras

Top Quizzes Today


Score Distribution

Your Account Isn't Verified!

In order to create a playlist on Sporcle, you need to verify the email address you used during registration. Go to your Sporcle Settings to finish the process.

Report this User

Report this user for behavior that violates our Community Guidelines.

Details: